| 000 | 00792nam a22002177a 4500 | ||
|---|---|---|---|
| 003 | BUBTL | ||
| 008 | 140128b xxu||||| |||| 00| 0 eng d | ||
| 020 | _a0030244188 | ||
| 082 | _a658.15/ B7685f/ 1998 | ||
| 100 |
_913 _aBrigham, Fugene F. |
||
| 245 |
_aFundamental of Financial management : _cFugene F. Brigham, Joel F. Houston |
||
| 250 | _a8th | ||
| 260 |
_aNew York _bThe Dryden _cc1998 |
||
| 300 |
_a[xxvii], 898p . : _bill. ; 25cm. |
||
| 500 | _aIncludes Index | ||
| 650 |
_aFinance _93552 |
||
| 700 |
_aHouston, Joel F. _94438 |
||
| 856 |
_uhttp://192.168.9.252:8000/cgi-bin/koha/opac-retrieve-file.pl?id=db3083611ad7a0a7d74ca0b26baf75f9 _qpdf _k0 _l0 _ahttp://192.168.9.252 _b101 _febook _hdownload _n//172.16.1.220 _w101 _yDownload |
||
| 942 |
_2ddc _cBK |
||
| 999 |
_c10 _d10 |
||